000 00725nam a2200277Ia 4500
003 OSt
005 20221007110854.0
006 a|||||r|||| 00| 0
007 ta
008 221006b |||||||| |||| 00| 0 eng d
020 _a0406802351
024 _a22,044
037 _cTextual
040 _aLCO
_cLCO
_beng
041 _2eng
_aeng
082 _aX72991:(Z), L0
100 _aTiley John
_9688879
245 0 _aEstate of Estate Duty
250 _a7th
260 _aLondon
_bButtterworth & Co. (Publishers) Ltd. U.K.
_c1970
300 _a211
650 _aESTATE DUTY
_9243145
700 _a Beatie
_9707933
942 _hX72991:(Z), L0
_cTEXL
999 _c1191607
_d1191607